Todos os campeões do Brasileirão Série A - Statistics

Estatísticas Gerais
  • Esse quiz foi jogado 113 vezes
  • A pontuação média é 67 de 69
Estatísticas das Respostas
Ano Campeão % Correto
2023 Palmeiras
99%
2022 Palmeiras
99%
2018 Palmeiras
99%
2016 Palmeiras
99%
1994 Palmeiras
99%
1993 Palmeiras
99%
1973 Palmeiras
99%
1972 Palmeiras
99%
1969 Palmeiras
99%
1967 Palmeiras
99%
1967 Palmeiras
99%
1960 Palmeiras
99%
2004 Santos
99%
2002 Santos
99%
1968 Santos
99%
1965 Santos
99%
1964 Santos
99%
1963 Santos
99%
1962 Santos
99%
1961 Santos
99%
2024 Botafogo
98%
1995 Botafogo
98%
1968 Botafogo
98%
2017 Corinthians
98%
2015 Corinthians
98%
2011 Corinthians
98%
2005 Corinthians
98%
1999 Corinthians
98%
1998 Corinthians
98%
1990 Corinthians
98%
2014 Cruzeiro
98%
2013 Cruzeiro
98%
2003 Cruzeiro
98%
1966 Cruzeiro
98%
2020 Flamengo
98%
2019 Flamengo
98%
2009 Flamengo
98%
1992 Flamengo
98%
1987 Flamengo
98%
1983 Flamengo
98%
1982 Flamengo
98%
1980 Flamengo
98%
2000 Vasco da Gama
97%
1997 Vasco da Gama
97%
1989 Vasco da Gama
97%
1974 Vasco da Gama
97%
2021 Atlético Mineiro
96%
1971 Atlético Mineiro
96%
2012 Fluminense
96%
2010 Fluminense
96%
1984 Fluminense
96%
1970 Fluminense
96%
1979 Internacional
96%
1976 Internacional
96%
1975 Internacional
96%
2008 São Paulo
96%
2007 São Paulo
96%
2006 São Paulo
96%
1991 São Paulo
96%
1986 São Paulo
96%
1977 São Paulo
96%
1996 Grêmio
95%
1981 Grêmio
95%
1988 Bahia
93%
1959 Bahia
93%
1987 Sport
92%
2001 Athletico Paranaense
87%
1985 Coritiba
84%
1978 Guarani
78%
Nenhum quiz correspondente encontrado
Distribuição das Pontuações
Porcentagem de Pessoas com Cada Pontuação
Percentil de Números Respondidos
Sua Pontuação Histórica
Você não jogou esse quiz